[Event "164th open MGU"]
[Site "Sofia"]
[Date "2016.03.06"]
[Round "4.2"]
[White "Metev, Martin"]
[Black "Stoyanov, Radoi"]
[Result "1-0"]
[WhiteElo "2025"]
[BlackElo "2100"]
[PlyCount "82"]
[EventDate "2016.03.05"]
[EventType "swiss"]
[EventRounds "6"]
[EventCountry "BUL"]

1. e4 c5 2. Nf3 Nc6 3. d4 cxd4 4. Nxd4 Qb6 5. Nb3 Nf6 6. Bd3 e6 7. O-O Be7 8.
Nc3 d6 9. Be3 Qc7 10. Nb5 Qb8 11. Nc3 O-O 12. f4 Rd8 13. Kh1 b5 14. Nxb5 d5 15.
e5 Ne4 16. N5d4 Nxd4 17. Bxd4 g6 18. Qe1 Qc7 19. Qe3 Bb7 20. Bxa7 Rxa7 21. Qxa7
Nc5 22. Qa5 Qc8 23. Nxc5 Bxc5 24. Qe1 Qc6 25. Be2 Qb6 26. c3 Ra8 27. a4 h5 28.
b4 Be7 29. a5 Qc7 30. a6 Bc6 31. b5 Bd7 32. Qd2 Bc5 33. Rfb1 Bb6 34. c4 h4 35.
cxd5 h3 36. gxh3 Qc5 37. Bf3 Rd8 38. a7 Bxa7 39. Rc1 Qb6 40. Qa5 Qe3 41. Qxd8+
Kg7 1-0

[Event "164th open MGU"]
[Site "Sofia"]
[Date "2016.03.06"]
[Round "4.3"]
[White "Petrov, Stanislav"]
[Black "Cholakov, Nikolay"]
[Result "1/2-1/2"]
[WhiteElo "1754"]
[BlackElo "1847"]
[PlyCount "90"]
[EventDate "2016.03.05"]
[EventType "swiss"]
[EventRounds "6"]
[EventCountry "BUL"]

1. e4 c5 2. Nf3 d6 3. d4 cxd4 4. Nxd4 Nf6 5. Nc3 g6 6. Be2 Bg7 7. Be3 O-O 8.
Qd2 Nc6 9. f3 d5 10. O-O-O dxe4 11. fxe4 Ng4 12. Nxc6 Qxd2+ 13. Bxd2 bxc6 14.
Rde1 Rd8 15. h3 Rxd2 16. hxg4 Rd6 17. Na4 Rb8 18. c3 Be6 19. a3 Ba2 20. Nc5 Be5
21. Kc2 Bf4 22. Bd3 Be6 23. Nxe6 Rxe6 24. Bc4 Rd6 25. Rd1 Rbd8 26. Rxd6 Bxd6
27. Rf1 e6 28. b4 Be7 29. Rd1 Rxd1 30. Kxd1 Kg7 31. Ba6 Kf6 32. Bb7 c5 33. Ke2
Ke5 34. Kf3 Kd6 35. Ke3 Kc7 36. Ba6 Kb6 37. Be2 cxb4 38. axb4 a5 39. bxa5+ Kxa5
40. c4 Kb6 41. Kd4 Kc6 42. Bd1 Bf6+ 43. Kd3 Bb2 44. Ba4+ Kd6 45. Be8 Ke5
1/2-1/2

[Event "164th open MGU"]
[Site "Sofia"]
[Date "2016.03.06"]
[Round "4.4"]
[White "Ivanov, Daniel"]
[Black "Dimov, Iskren"]
[Result "1/2-1/2"]
[WhiteElo "1817"]
[BlackElo "1697"]
[PlyCount "61"]
[EventDate "2016.03.05"]
[EventType "swiss"]
[EventRounds "6"]
[EventCountry "BUL"]

1. e4 c5 2. c3 d5 3. exd5 Qxd5 4. Nf3 Nf6 5. d4 cxd4 6. cxd4 e6 7. Bd3 Be7 8.
O-O O-O 9. Nc3 Qd8 10. h3 Nc6 11. Be3 b6 12. a3 Bb7 13. Rc1 Rc8 14. Qd2 g6 15.
Rfd1 Na5 16. Qe2 Nd5 17. Bh6 Nxc3 18. Rxc3 Rxc3 19. bxc3 Re8 20. Bc1 Bf6 21.
Bb2 Qd5 22. c4 Qh5 23. Kh2 Bxf3 24. gxf3 Qh4 25. Be4 Bg5 26. Bc3 Bf4+ 27. Kg2
Qg5+ 28. Kh1 Qh4 29. Kg2 Qg5+ 30. Kh1 Qh4 31. Kg2 1/2-1/2

[Event "164th open MGU"]
[Site "Sofia"]
[Date "2016.03.06"]
[Round "4.5"]
[White "Genov, Valentin"]
[Black "Grabcheva, Natalia"]
[Result "1/2-1/2"]
[WhiteElo "1595"]
[BlackElo "1739"]
[PlyCount "43"]
[EventDate "2016.03.05"]
[EventType "swiss"]
[EventRounds "6"]
[EventCountry "BUL"]

1. d4 Nf6 2. c4 e6 3. Nc3 Bb4 4. f3 Bxc3+ 5. bxc3 d5 6. Bg5 h6 7. Bh4 b6 8.
cxd5 exd5 9. Qc2 Bb7 10. e3 Qe7 11. Qd2 O-O 12. Bd3 Re8 13. Bf2 c5 14. Ne2 Ba6
15. O-O Bxd3 16. Qxd3 Nc6 17. Rfe1 Rad8 18. Rad1 Na5 19. Ng3 Nc4 20. Qc2 cxd4
21. cxd4 Rc8 22. Qb3 1/2-1/2

[Event "164th open MGU"]
[Site "Sofia"]
[Date "2016.03.06"]
[Round "4.6"]
[White "Hristov, Deyan"]
[Black "Kostov, Nikolay"]
[Result "1/2-1/2"]
[WhiteElo "1462"]
[BlackElo "1756"]
[PlyCount "57"]
[EventDate "2016.03.05"]
[EventType "swiss"]
[EventRounds "6"]
[EventCountry "BUL"]

1. e4 e5 2. Nf3 Nc6 3. Bc4 Bc5 4. c3 Nf6 5. d3 h6 6. Be3 Bxe3 7. fxe3 d5 8.
exd5 Nxd5 9. Qe2 a6 10. O-O O-O 11. Qf2 Be6 12. e4 Nf4 13. Bxe6 Nxe6 14. Qe3
Qe7 15. Nbd2 Rfd8 16. Nb3 b6 17. Rf2 Rd7 18. Rd1 Rad8 19. Rfd2 Nc5 20. Nxc5
bxc5 21. Qf2 Kh7 22. Qg3 c4 23. dxc4 Rxd2 24. Rxd2 Qc5+ 25. Qf2 Qxc4 26. Rxd8
Nxd8 27. Qd2 Qc5+ 28. Qf2 Qc4 29. Qd2 1/2-1/2

[Event "164th open MGU"]
[Site "Sofia"]
[Date "2016.03.06"]
[Round "4.7"]
[White "Ralchev, Lachezar"]
[Black "Pavlov, Vladimir G."]
[Result "0-1"]
[WhiteElo "1455"]
[BlackElo "1686"]
[PlyCount "60"]
[EventDate "2016.03.05"]
[EventType "swiss"]
[EventRounds "6"]
[EventCountry "BUL"]

1. e4 d5 2. exd5 Qxd5 3. Nc3 Qa5 4. d4 c6 5. Bc4 Nf6 6. Nf3 Bg4 7. Bd2 Qc7 8.
O-O e6 9. Re1 Bd6 10. h3 Bh5 11. Be2 Nbd7 12. Ne5 Bg6 13. f4 Nb6 14. Bd3 Bxd3
15. Nxd3 O-O-O 16. b4 Nfd5 17. Nxd5 Nxd5 18. c4 Nxf4 19. Ne5 Bxe5 20. Rxe5 Rxd4
21. Rg5 Qd8 22. Qf3 Qxg5 23. Be3 Rxc4 24. Bxa7 Rc3 25. Qf1 Nxh3+ 26. Kh1 Nf4
27. Kg1 Rg3 28. Kf2 Rxg2+ 29. Ke1 Rd8 30. Qf3 Qe5+ 0-1

[Event "164th open MGU"]
[Site "Sofia"]
[Date "2016.03.06"]
[Round "4.8"]
[White "Bozhkov, Stoil"]
[Black "Georgiev, Nikolay Zh."]
[Result "0-1"]
[WhiteElo "1488"]
[BlackElo "1506"]
[PlyCount "74"]
[EventDate "2016.03.05"]
[EventType "swiss"]
[EventRounds "6"]
[EventCountry "BUL"]

1. e4 e5 2. Nf3 Nc6 3. d4 exd4 4. Nxd4 Nf6 5. Nxc6 bxc6 6. e5 Ne4 7. Be3 Bc5 8.
Bxc5 Nxc5 9. Bd3 Nxd3+ 10. Qxd3 O-O 11. Nc3 Re8 12. f4 f6 13. O-O-O fxe5 14.
fxe5 Rxe5 15. Rhf1 d6 16. Qf3 Qe8 17. g4 Bd7 18. h4 Qe7 19. g5 Rf8 20. Qxf8+
Qxf8 21. Rxf8+ Kxf8 22. Rf1+ Bf5 23. Ne4 Ke7 24. Ng3 g6 25. c3 c5 26. Kd2 d5
27. Nxf5+ Rxf5 28. Rxf5 gxf5 29. Ke3 Kf7 30. h5 c6 31. b3 Ke6 32. a3 Ke5 33. g6
hxg6 34. h6 Kf6 35. h7 Kg7 36. h8=Q+ Kxh8 37. Kf4 Kg7 0-1

[Event "164th open MGU"]
[Site "Sofia"]
[Date "2016.03.06"]
[Round "4.10"]
[White "Mustedjeb, Anher"]
[Black "Tsvetkov, Hristiyan"]
[Result "1-0"]
[WhiteElo "1692"]
[BlackElo "1249"]
[PlyCount "41"]
[EventDate "2016.03.05"]
[EventType "swiss"]
[EventRounds "6"]
[EventCountry "BUL"]

1. d4 Nf6 2. Nf3 d6 3. c4 Nbd7 4. Nc3 e5 5. dxe5 Nxe5 6. Nxe5 dxe5 7. Qxd8+
Kxd8 8. Bg5 c6 9. O-O-O+ Kc7 10. a3 Ng4 11. Bd8+ Kb8 12. Bh4 a5 13. Bg3 f6 14.
f4 Ka7 15. h3 Ne3 16. Re1 Nxc4 17. e4 Bc5 18. Bxc4 exf4 19. Bxf4 Re8 20. Be3
Bxe3+ 21. Rxe3 1-0

[Event "164th open MGU"]
[Site "Sofia"]
[Date "2016.03.06"]
[Round "5.1"]
[White "Gelemerov, Yane"]
[Black "Metev, Martin"]
[Result "0-1"]
[WhiteElo "2036"]
[BlackElo "2025"]
[PlyCount "112"]
[EventDate "2016.03.05"]
[EventType "swiss"]
[EventRounds "6"]
[EventCountry "BUL"]

1. e4 e6 2. d4 d5 3. Nc3 Bb4 4. Bd3 dxe4 5. Bxe4 Nf6 6. Bd3 c5 7. a3 Ba5 8.
dxc5 Bxc3+ 9. bxc3 Qa5 10. Ne2 Qxc5 11. a4 Nbd7 12. O-O Qc7 13. c4 O-O 14. Bb2
b6 15. Qd2 Ba6 16. c5 Bxd3 17. cxb6 Qxc2 18. Qxc2 Bxc2 19. Rfc1 Be4 20. Nc3
Nxb6 21. Nb5 Rfc8 22. Rxc8+ Nxc8 23. Rc1 Ne7 24. f3 Bc6 25. Rc5 Bxb5 26. axb5
Nfd5 27. Rc1 Rb8 28. Ra1 Rb7 29. Bd4 h5 30. Bxa7 Rxb5 31. Ra2 Kh7 32. Kf2 Nc6
33. Be3 Nxe3 34. Kxe3 Ne5 35. Kf2 Nc4 36. Ra4 Rb2+ 37. Kg1 Ne3 38. g3 Nd5 39.
f4 h4 40. f5 hxg3 41. fxe6 gxh2+ 42. Kh1 Rb1+ 43. Kxh2 fxe6 44. Re4 Rb2+ 45.
Kg3 Rb3+ 46. Kf2 Re3 47. Rg4 Kh6 48. Ra4 g5 49. Ra8 Rb3 50. Re8 Nf4 51. Kg1 Rb2
52. Kh1 Kh5 53. Re7 Kh4 54. Ra7 g4 55. Ra3 Rb1+ 56. Kh2 g3+ 0-1

[Event "164th open MGU"]
[Site "Sofia"]
[Date "2016.03.06"]
[Round "5.2"]
[White "Cholakov, Nikolay"]
[Black "Kolev, Lachezar"]
[Result "1/2-1/2"]
[WhiteElo "1847"]
[BlackElo "1866"]
[PlyCount "50"]
[EventDate "2016.03.05"]
[EventType "swiss"]
[EventRounds "6"]
[EventCountry "BUL"]

1. Nf3 Nf6 2. d4 e6 3. Bg5 d5 4. e3 Bd6 5. Bd3 O-O 6. Nbd2 c5 7. c3 Nc6 8. O-O
e5 9. dxe5 Nxe5 10. Nxe5 Bxe5 11. Nf3 Bd6 12. Bc2 Be6 13. Qd3 g6 14. Rad1 Be7
15. Qe2 Qc7 16. Bf4 Qb6 17. Bb1 Rfe8 18. Ng5 Bf8 19. Nxe6 Qxe6 20. Qb5 b6 21.
Bg5 Bg7 22. Rfe1 Ne4 23. Bxe4 Qxe4 24. Qc6 h6 25. Bf4 Rad8 1/2-1/2

[Event "164th open MGU"]
[Site "Sofia"]
[Date "2016.03.06"]
[Round "5.3"]
[White "Genov, Valentin"]
[Black "Ivanov, Daniel"]
[Result "1/2-1/2"]
[WhiteElo "1595"]
[BlackElo "1817"]
[PlyCount "45"]
[EventDate "2016.03.05"]
[EventType "swiss"]
[EventRounds "6"]
[EventCountry "BUL"]

1. d4 e6 2. c4 c6 3. Nc3 d5 4. Nf3 Nf6 5. Bg5 Be7 6. e3 h6 7. Bh4 O-O 8. Qc2
Nbd7 9. cxd5 exd5 10. Bd3 c5 11. O-O b6 12. Rfd1 Bb7 13. Rac1 Rc8 14. Qe2 c4
15. Bb1 Bc6 16. Ne5 g5 17. Nxc6 Rxc6 18. Bg3 Bb4 19. Qc2 Bxc3 20. bxc3 b5 21.
Be5 Qe7 22. f4 Ne4 23. Qe2 1/2-1/2

[Event "164th open MGU"]
[Site "Sofia"]
[Date "2016.03.06"]
[Round "5.4"]
[White "Dimov, Iskren"]
[Black "Petrov, Stanislav"]
[Result "0-1"]
[WhiteElo "1697"]
[BlackElo "1754"]
[PlyCount "98"]
[EventDate "2016.03.05"]
[EventType "swiss"]
[EventRounds "6"]
[EventCountry "BUL"]

1. d4 e6 2. c4 f5 3. Nc3 Nf6 4. Nf3 Bb4 5. Qb3 Bxc3+ 6. bxc3 O-O 7. Bg5 d6 8.
g3 Nc6 9. Bg2 b6 10. Qc2 Bb7 11. Nd2 Qe8 12. Bxf6 Rxf6 13. O-O Rh6 14. Rfe1 Qh5
15. Nf1 Rf8 16. Bf3 Qf7 17. e3 Nxd4 18. exd4 Bxf3 19. Nd2 Bb7 20. Qd1 g5 21.
Nf3 Qh5 22. d5 f4 23. g4 Qxg4+ 24. Kh1 Qf5 25. Rg1 Rg6 26. Nd4 Qf7 27. Nc6 Bxc6
28. dxc6 e5 29. Qd5 Kg7 30. f3 Qf5 31. Rg2 h6 32. Re1 h5 33. c5 bxc5 34. Rb2 g4
35. Rb7 Rf7 36. Rb8 gxf3 37. Qxf3 h4 38. Ra8 Qg4 39. Qxg4 Rxg4 40. Rxa7 f3 41.
Rg1 Rxg1+ 42. Kxg1 e4 43. Ra4 d5 44. Kf1 Rf6 45. Ra8 Rxc6 46. a4 d4 47. Rd8 Rd6
48. Rxd6 cxd6 49. cxd4 c4 0-1

[Event "164th open MGU"]
[Site "Sofia"]
[Date "2016.03.06"]
[Round "5.5"]
[White "Stoyanov, Radoi"]
[Black "Hristov, Deyan"]
[Result "1-0"]
[WhiteElo "2100"]
[BlackElo "1462"]
[PlyCount "87"]
[EventDate "2016.03.05"]
[EventType "swiss"]
[EventRounds "6"]
[EventCountry "BUL"]

1. b4 e5 2. Bb2 Bxb4 3. Bxe5 Nf6 4. Nf3 c6 5. e3 d5 6. Be2 Bf5 7. O-O Bd6 8.
Bxd6 Qxd6 9. d3 Nbd7 10. Nbd2 Ne5 11. Nxe5 Qxe5 12. Nf3 Qe7 13. a4 Nd7 14. Qb1
Rb8 15. Qb2 f6 16. Qd4 Qc5 17. Qf4 Bg6 18. Nd4 Qe7 19. Bg4 O-O 20. Bxd7 Qxd7
21. Rfb1 Rfd8 22. Rb2 Bf7 23. h4 Qd6 24. Qxd6 Rxd6 25. Rab1 b6 26. a5 b5 27.
Nb3 g5 28. Kf1 gxh4 29. Ke2 f5 30. Rh1 Rh6 31. Nc5 Bh5+ 32. Kd2 Re8 33. Rb4 Bg6
34. Rbxh4 Rxh4 35. Rxh4 Kf7 36. Rf4 Ke7 37. d4 Kd6 38. Kc3 Re7 39. Kb4 Kc7 40.
Nd3 Re4 41. Kc5 Rxf4 42. Nxf4 Kd7 43. Nd3 Bf7 44. Ne5+ 1-0

[Event "164th open MGU"]
[Site "Sofia"]
[Date "2016.03.06"]
[Round "5.6"]
[White "Kostov, Nikolay"]
[Black "Pavlov, Vladimir G."]
[Result "1/2-1/2"]
[WhiteElo "1756"]
[BlackElo "1686"]
[PlyCount "64"]
[EventDate "2016.03.05"]
[EventType "swiss"]
[EventRounds "6"]
[EventCountry "BUL"]

1. d4 b5 2. a4 b4 3. c3 e6 4. cxb4 Bxb4+ 5. Bd2 Nc6 6. e3 Nf6 7. Nc3 d5 8. Bb5
Bd7 9. Nf3 a6 10. Bxc6 Bxc6 11. Na2 Bxd2+ 12. Nxd2 Rb8 13. Qc2 Qd7 14. Nc3 O-O
15. O-O Rb4 16. Nb3 Rfb8 17. Nc5 Qc8 18. b3 Nd7 19. Na2 R4b6 20. a5 Rb5 21.
Nxe6 fxe6 22. Qxc6 Nf6 23. b4 Ne4 24. Rfc1 Nd2 25. Qxc7 Qe8 26. Qc6 Nb3 27.
Rab1 Nxc1 28. Rxc1 Qxc6 29. Rxc6 Kf7 30. Kf1 R8b7 31. Ke2 Ra7 32. Kd3 Ke7
1/2-1/2

[Event "164th open MGU"]
[Site "Sofia"]
[Date "2016.03.06"]
[Round "5.7"]
[White "Grabcheva, Natalia"]
[Black "Georgiev, Nikolay Zh."]
[Result "1/2-1/2"]
[WhiteElo "1739"]
[BlackElo "1506"]
[PlyCount "108"]
[EventDate "2016.03.05"]
[EventType "swiss"]
[EventRounds "6"]
[EventCountry "BUL"]

1. Nf3 d5 2. d4 Nf6 3. b3 Bf5 4. e3 e6 5. Bd3 c6 6. O-O Nbd7 7. Ba3 Bxa3 8.
Nxa3 Qa5 9. Nb1 O-O 10. c4 b5 11. Bxf5 exf5 12. Qd3 Ne4 13. Nfd2 bxc4 14. bxc4
Rab8 15. f3 Nxd2 16. Nxd2 g6 17. cxd5 cxd5 18. Nb3 Qb5 19. Qxb5 Rxb5 20. Rac1
Nf6 21. Rc5 Rfb8 22. Rfc1 R8b7 23. Rc7 Kg7 24. R1c5 Nd7 25. Rxd7 Rxb3 26. axb3
Rxd7 27. b4 Kf6 28. Kf2 Ke7 29. Ke2 Kd6 30. Kd3 Rb7 31. b5 h6 32. g4 fxg4 33.
fxg4 Rb8 34. h4 Rb6 35. h5 gxh5 36. gxh5 Ke6 37. e4 dxe4+ 38. Kxe4 a5 39. bxa6
Rxa6 40. Rc8 Ra5 41. Rc5 Ra6 42. Rf5 Ra4 43. Rc5 Ra6 44. Rc1 Rb6 45. Rf1 Rb4
46. Ra1 Rb6 47. Ra8 Ke7 48. d5 Rd6 49. Rc8 Kf6 50. Rc6 Ke7 51. Ke5 f6+ 52. Kf5
Rxd5+ 53. Kg6 f5 54. Rf6 Rd6 1/2-1/2

[Event "164th open MGU"]
[Site "Sofia"]
[Date "2016.03.06"]
[Round "6.1"]
[White "Metev, Martin"]
[Black "Kolev, Lachezar"]
[Result "1/2-1/2"]
[WhiteElo "2025"]
[BlackElo "1866"]
[PlyCount "43"]
[EventDate "2016.03.05"]
[EventType "swiss"]
[EventRounds "6"]
[EventCountry "BUL"]

1. e4 c5 2. Nf3 d6 3. d4 cxd4 4. Nxd4 Nf6 5. Nc3 a6 6. Be2 e6 7. O-O Nbd7 8.
Nb3 b5 9. Bf3 Bb7 10. Qe1 Qc7 11. a3 Be7 12. Bf4 O-O 13. h3 Rac8 14. Qd2 Nb6
15. Na5 Ba8 16. Rfe1 Nfd7 17. Rad1 Ne5 18. Bxe5 dxe5 19. Qe3 Bc5 20. Qg5 Be7
21. Qe3 Bc5 22. Qg5 1/2-1/2

[Event "164th open MGU"]
[Site "Sofia"]
[Date "2016.03.06"]
[Round "6.2"]
[White "Stoyanov, Radoi"]
[Black "Gelemerov, Yane"]
[Result "1/2-1/2"]
[WhiteElo "2100"]
[BlackElo "2036"]
[PlyCount "130"]
[EventDate "2016.03.05"]
[EventType "swiss"]
[EventRounds "6"]
[EventCountry "BUL"]

1. c4 e5 2. Nc3 Nf6 3. g3 Bb4 4. Bg2 Bxc3 5. bxc3 d6 6. Nf3 Nbd7 7. O-O O-O 8.
Ne1 Rb8 9. Nc2 b6 10. Nb4 Bb7 11. Nc6 Bxc6 12. Bxc6 e4 13. d4 exd3 14. exd3 Ne5
15. Bg2 Qd7 16. f4 Nc6 17. Qf3 Na5 18. h3 Qa4 19. Be3 Nb7 20. Bd4 Nd7 21. Qg4
g6 22. f5 Ne5 23. Qh4 Nc5 24. Bxe5 dxe5 25. f6 Kh8 26. Bd5 Qd7 27. Qh6 Rg8 28.
Rae1 Rbe8 29. d4 exd4 30. cxd4 Ne6 31. Re4 g5 32. Rfe1 Rg6 33. Qh5 Rxf6 34. h4
Rg6 35. hxg5 Reg8 36. Bxe6 fxe6 37. Qf3 Rxg5 38. Qf6+ Qg7 39. Rxe6 Rxg3+ 40.
Kh2 Rg2+ 41. Kh3 Rg3+ 42. Kh2 Rf8 43. Qxf8+ Qxf8 44. Re8 Rg8 45. Rxf8 Rxf8 46.
Re7 Kg8 47. Rxc7 Rf7 48. Rc6 Kf8 49. a4 Ke8 50. Kg3 Kd8 51. a5 Rc7 52. Rxc7
Kxc7 53. axb6+ Kxb6 54. Kf4 a5 55. Ke5 a4 56. Kd6 a3 57. c5+ Kb5 58. c6 a2 59.
c7 a1=Q 60. c8=Q Qxd4+ 61. Ke7 Qg7+ 62. Kd6 Qg6+ 63. Ke5 Qg3+ 64. Ke4 Qh4+ 65.
Kf3 h5 {Ke4} 1/2-1/2

[Event "164th open MGU"]
[Site "Sofia"]
[Date "2016.03.06"]
[Round "6.3"]
[White "Petrov, Stanislav"]
[Black "Genov, Valentin"]
[Result "1-0"]
[WhiteElo "1754"]
[BlackElo "1595"]
[PlyCount "97"]
[EventDate "2016.03.05"]
[EventType "swiss"]
[EventRounds "6"]
[EventCountry "BUL"]

1. e4 c5 2. Nf3 d6 3. d4 cxd4 4. Nxd4 Nf6 5. Nc3 g6 6. Be2 Bg7 7. Be3 Nc6 8.
Qd2 O-O 9. O-O-O Bd7 10. h4 Rc8 11. h5 Ne5 12. hxg6 fxg6 13. f3 Nc4 14. Bxc4+
Rxc4 15. g4 Qa5 16. Bh6 Rf7 17. Bxg7 Rxg7 18. g5 Ne8 19. f4 e6 20. Rh6 d5 21.
Nb3 Qc7 22. e5 b5 23. Ne2 a5 24. Nbd4 b4 25. b3 Rc3 26. Kb1 Qc5 27. Nxc3 bxc3
28. Qe1 Bc8 29. Rh3 Rc7 30. Ne2 Qb4 31. Rxc3 Rxc3 32. Qxc3 Qxc3 33. Nxc3 Ng7
34. Ne2 Nf5 35. Kb2 Kf7 36. Nd4 Ke7 37. Nc6+ Ke8 38. Nxa5 Bd7 39. Rh1 Ne3 40.
Rxh7 Ng2 41. Nb7 Nxf4 42. a4 Ne2 43. a5 Nd4 44. a6 Nc6 45. c3 Na7 46. Rg7 Nc6
47. Rxg6 Kf7 48. Rf6+ Kg7 49. Nc5 1-0

[Event "164th open MGU"]
[Site "Sofia"]
[Date "2016.03.06"]
[Round "6.4"]
[White "Ivanov, Daniel"]
[Black "Cholakov, Nikolay"]
[Result "0-1"]
[WhiteElo "1817"]
[BlackElo "1847"]
[PlyCount "64"]
[EventDate "2016.03.05"]
[EventType "swiss"]
[EventRounds "6"]
[EventCountry "BUL"]

1. e4 c5 2. Nf3 g6 3. c3 d5 4. exd5 Qxd5 5. d4 Bg4 6. Be2 cxd4 7. cxd4 Nf6 8.
Nc3 Qa5 9. O-O Bg7 10. Qb3 b6 11. Ne5 Be6 12. Bc4 Bxc4 13. Qxc4 O-O 14. Qc7 Nd5
15. Qb7 Nxc3 16. Qxa8 Ne2+ 17. Kh1 Nxd4 18. Nf3 Qa6 19. Be3 Nbc6 20. Nxd4 Rxa8
21. Nxc6 Qb7 22. Nd4 Rd8 23. Nb5 a6 24. Nc3 b5 25. Rad1 Rxd1 26. Rxd1 h6 27. a3
e6 28. h3 b4 29. axb4 Qxb4 30. Rd8+ Kh7 31. Ra8 Qxb2 32. Na4 Qa1+ 0-1

[Event "164th open MGU"]
[Site "Sofia"]
[Date "2016.03.06"]
[Round "6.5"]
[White "Georgiev, Nikolay Zh."]
[Black "Kostov, Nikolay"]
[Result "1/2-1/2"]
[WhiteElo "1506"]
[BlackElo "1756"]
[PlyCount "96"]
[EventDate "2016.03.05"]
[EventType "swiss"]
[EventRounds "6"]
[EventCountry "BUL"]

1. e4 e5 2. Nf3 Nc6 3. Bb5 Nf6 4. O-O Nxe4 5. d4 Nd6 6. Bxc6 dxc6 7. dxe5 Nf5
8. Qxd8+ Kxd8 9. Bg5+ Ke8 10. Rd1 Be6 11. Nd4 Nxd4 12. Rxd4 h6 13. Bh4 g5 14.
Bg3 Bc5 15. Rd2 Ke7 16. Nc3 Bb4 17. Rad1 Bxc3 18. bxc3 Rad8 19. a3 Rxd2 20.
Rxd2 Rd8 21. Rxd8 Kxd8 22. Kf1 Bf5 23. Ke2 Bxc2 24. f4 Kd7 25. Kf3 Ke6 26. fxg5
hxg5 27. Kg4 Be4 28. Kxg5 Bxg2 29. h4 Be4 30. h5 b5 31. Kf4 Bc2 32. Bf2 a6 33.
Ba7 f6 34. exf6 Kxf6 35. Bb8 Bd1 36. h6 Kg6 37. Bxc7 Kxh6 38. Ke5 Kg6 39. Kd6
Bf3 40. Kc5 Kf7 41. Kb6 Ke6 42. Kxa6 Kd7 43. Be5 Kc8 44. Kb6 Bg2 45. Kc5 Kb7
46. c4 bxc4 47. Kxc4 Bf1+ 48. Kc5 Ka8 1/2-1/2

[Event "164th open MGU"]
[Site "Sofia"]
[Date "2016.03.06"]
[Round "6.7"]
[White "Pavlov, Vladimir G."]
[Black "Hristov, Deyan"]
[Result "1/2-1/2"]
[WhiteElo "1686"]
[BlackElo "1462"]
[PlyCount "82"]
[EventDate "2016.03.05"]
[EventType "swiss"]
[EventRounds "6"]
[EventCountry "BUL"]

1. e4 e5 2. Nc3 Nf6 3. g3 g6 4. Bg2 Bg7 5. Nge2 Nc6 6. O-O d6 7. d3 Be6 8. h3
Qd7 9. Kh2 h5 10. Bg5 Qe7 11. Nd5 Bxd5 12. Bxf6 Qxf6 13. exd5 Ne7 14. f4 exf4
15. Nxf4 Qxb2 16. Rb1 Qxa2 17. Rxb7 Rc8 18. Qe2 Be5 19. Qf2 Nf5 20. Be4 Bd4 21.
Qe2 Ne3 22. Rf3 Ng4+ 23. Kg2 Ne5 24. Rf1 Bb6 25. d4 Bxd4 26. Qb5+ Ke7 27. Qb3
Qxb3 28. Rxb3 Rb8 29. Ra3 Rb7 30. Nd3 Nxd3 31. Rxd3 Be5 32. Rdf3 f5 33. Bd3 Rb4
34. c3 Bxc3 35. Bxf5 gxf5 36. Rxc3 Kf6 37. Rxc7 Ra4 38. Rd7 Ke5 39. Re7+ Kxd5
40. Rxf5+ Kc6 41. Rff7 a5 1/2-1/2

[Event "164th open MGU"]
[Site "Sofia"]
[Date "2016.03.06"]
[Round "6.8"]
[White "Tsvetkov, Hristiyan"]
[Black "Gadzhev, Denislav"]
[Result "1/2-1/2"]
[WhiteElo "1249"]
[BlackElo "1527"]
[PlyCount "54"]
[EventDate "2016.03.05"]
[EventType "swiss"]
[EventRounds "6"]
[EventCountry "BUL"]

1. e4 c5 2. c3 e6 3. Nf3 Nc6 4. d4 d5 5. exd5 Qxd5 6. Be3 cxd4 7. Nxd4 Nxd4 8.
Bxd4 Bd7 9. Nd2 Nh6 10. Qb3 Qxb3 11. Nxb3 Nf5 12. Bd3 Nxd4 13. Nxd4 Bc5 14. Nb3
Bb6 15. O-O O-O 16. Rad1 Rfd8 17. Rd2 Bc6 18. Rfd1 g6 19. Bc4 Kg7 20. Rxd8 Bxd8
21. f3 Bb6+ 22. Kf1 Rc8 23. Nd4 Rd8 24. Ke2 Bxd4 25. Rxd4 Rxd4 26. cxd4 Kf6 27.
Ke3 Bd5 1/2-1/2